Statistics for AREDL - All extreme on the list

Click here to take the quiz!

General Stats

  • This quiz has been taken 33 times
  • The average score is 54 of 742

Answer Stats

PathLevel% Correct
1Acheron
69%
2Avernus
62%
5Kyouki
62%
69Silent Club
62%
3Silent Clubstep
62%
4Slaughterhouse
62%
6Abyss of Darkness
54%
10KOCMOC
46%
12LIMBO
46%
7Sakupen Circles
46%
74Bloodlust
38%
686Cataclysm
38%
9Firework
38%
375Sakupen Hell
38%
93Sigma
38%
145Sonic Wave
38%
24Sonic Wave Infinity
38%
25Tartarus
38%
96The Yandere
38%
33Zodiac
38%
601AcropoliX
31%
733Acu
31%
472aftermath
31%
17arcturus
31%
239Artificial Ascent
31%
402Bloodbath
31%
135Cybernetic Crescent
31%
14 | 90Deimos
31%
215Digital Descent
31%
132Gamma
31%
663HyperSonic
31%
11MINUSdry
31%
496PanaSonic
31%
13poocubed
31%
15Saul Goodman
31%
28The Golden
31%
29Trueffet
31%
162xo
31%
155Yatagarasu
31%
6998o X
23%
119Aquatic Auroras
23%
106Arctic Lights
23%
8 | 511Codependence
23%
53Cognition
23%
52Cold Sweat
23%
64Congregation
23%
54Cosmic Cyclone
23%
49Crimson Planet
23%
689Falling Up
23%
202Freedom08
23%
367Freedom19
23%
35Kenos
23%
227Killbot
23%
100kowareta
23%
173Kuzureta
23%
23Mayhem
23%
19Oblivion
23%
131Omega
23%
108Plasma Pulse Finale
23%
480Plasma Pulse III
23%
26Solar Flare
23%
144Sonic Wave Rebirth
23%
114Spectrum Cyclone
23%
316SubSonic
23%
192super probably level
23%
454The Hell Factory
23%
191Timor
23%
22UNKNOWN
23%
27walter white
23%
128Wasureta
23%
157X0
23%
453A Bizarre Phantasm
15%
34Aerial Gleam
15%
102AKIRA
15%
180Altered Ascent
15%
87Aronia
15%
452Artificial Ideology
15%
79Asterios
15%
304Astral Divinity
15%
284Auditory Breaker
15%
259BBBBBBBBBBBBBBBBBBBB
15%
281Black Blizzard
15%
382Blade of Justice
15%
298BuTiTi III
15%
51Calculator Core
15%
493Cat Planet
15%
110CHROMA FINALE
15%
447Conical Depression
15%
612CYCLONE
15%
107Dance of the Violins
15%
722Dark Odyssey
15%
740Delirium Tremens
15%
226Delta Interface
15%
190Devil Vortex
15%
18Edge of Destiny
15%
410ElectroLux
15%
396Epsilon
15%
292ErebuS
15%
174Erebus
15%
65Escape Room
15%
37Esfera
15%
344ETERNAL
15%
581EX
15%
75Fever Dream
15%
42Fragile
15%
163Generic Wave
15%
573Glide
15%
150GONER
15%
672Gunslinga Corridor
15%
118Gustavo Fring
15%
20Hard Machine
15%
710Hate War
15%
545Heartbeat
15%
611HURRICANE
15%
129Hyper Paracosm
15%
146Infinite Iniquity
15%
78Jesse Pinkman
15%
72Kappa
15%
36Keres
15%
55Lucid Nightmares
15%
143LUMINA
15%
494Maybe Possibly Thing
15%
735Misty Mountains
15%
349Mystic
15%
153Necromancer
15%
559NecropoliX
15%
39NEUTRA
15%
728niwa
15%
228Omicron
15%
103Ouroboros
15%
89Pagoda
15%
286Pandemonium
15%
370Phobos
15%
41Promethean
15%
44qoUEO
15%
257Quantum Processing
15%
265 | 457Quaoar
15%
156Rage
15%
63Ragnarok
15%
267Rate Demon
15%
729Red World
15%
50Renevant
15%
122Requiem
15%
57RUST
15%
47SARY NEVER CLEAR
15%
59Shardscapes
15%
159Silentium Clavas
15%
378Silentium Gradas
15%
48Sky Shredder
15%
133Spacial Rend
15%
120Storming Summit
15%
179Sunset Sandstorm
15%
604Tech Manifestation
15%
360Tenth Circle
15%
16The Hallucination
15%
488The Hell Dignity
15%
160The Hell Nutz
15%
351The Hell Origin
15%
327The Hell World
15%
260The Hell Zone
15%
656The Lost Existence
15%
177The Reaper
15%
71The Rupture
15%
690The Ultimate Phase
15%
613Thunder Alphabet
15%
66TORN
15%
507TORNADO
15%
607TROLLMACHINE
15%
309Tunnel
15%
21Tunnel of Despair
15%
92Twilight
15%
362Untitled
15%
97untitled unmastered
15%
31Verdant Landscape
15%
269Void Wave
15%
220ZAPHKIEL
15%
3072 1 1
8%
499A2Marbl
8%
533Acrozis
8%
676aether
8%
720Air Tech
8%
60Akashic Records
8%
658Allegiance
8%
459Annihilation Nation
8%
212Apollo 11
8%
451Arctic Arena
8%
574Armageddon
8%
389Artifice
8%
567Artificial Dream
8%
331Athanatos
8%
419ATMarbl
8%
91ATOMIC CANNON
8%
58ATOMIC CANNON Mk II
8%
639Awakening Horus
8%
84Awedsy
8%
423Azure Fiesta
8%
411 | 709Azurite
8%
279Berserk
8%
521Betelgeuse
8%
383Betrayal of Fate
8%
698Brimtanic Paradise
8%
618Broken Signal
8%
517BROWNOIX
8%
219Cadrega City
8%
294Cadrega Mode
8%
113Calamity
8%
394Carcano
8%
356Carnage Mode
8%
197Catalyze
8%
186Celestial Force
8%
606cerebral hemorrhage
8%
742Cerebral Torment
8%
161Cersia Difficult
8%
171Cersia Madness
8%
564CholeriX
8%
297CHROMA II
8%
183Chromatic Haze
8%
82CITRA
8%
125ConTroller
8%
86Coral Cave
8%
88CORRODERE
8%
687Cosmorush 21
8%
40Critical Heat
8%
665Crowd Control
8%
264Crystal
8%
648Dark Rivalry
8%
553Daydream
8%
184Ddiamond
8%
134Dedohexdragon
8%
175Delebit Oblivio
8%
67Descent Into Exile
8%
485Digital Disarray
8%
61DIRECTIONS
8%
276distraught
8%
310Dolos
8%
706doradura
8%
428Down Bass
8%
94Dump
8%
158Edge of the Blade
8%
137Edge of the World
8%
116EGO KILLING
8%
142ELLIPSISM
8%
124Eternal Moment
8%
238Ethereal Artifice
8%
544Evangelion
8%
374EXPLICIT
8%
543Falling Maze
8%
557Fexty
8%
638Floating Maze
8%
76Fog
8%
117Fragmented
8%
444Frozen
8%
109Frozen Cave
8%
101FusionDynamix
8%
361Fusion Z
8%
405Game Over
8%
530GEODE
8%
262Glowy
8%
139Golden Club
8%
83Gracefully
8%
412Hateful Reflection
8%
295Hyper Paradox
8%
434Idols
8%
318ikaros
8%
637ILOVECYAN
8%
154Iris of a Puppeteer
8%
343Ithacropolis
8%
95IthacropoliX
8%
203Jamboree
8%
476Karma
8%
85Knights of Thunder
8%
68Launchpad Labyrinth
8%
258lodin da fish washer
8%
141Loochiverse
8%
46Lotus Flower
8%
136Macabre
8%
348MadMansion
8%
565Malware II
8%
641Mandragora
8%
512Mecha Mayhem
8%
251Mind Control
8%
506Mirage
8%
126Mirrored Calamity
8%
172MISFIRE
8%
140Molten Core
8%
147Molten Gear
8%
407moment
8%
320Mujigae
8%
552Myocardia
8%
487N0
8%
99Neon Skyline
8%
296New Record
8%
98Nhelv
8%
495Niflheim
8%
725niflhel
8%
254Night Rider
8%
81no jokes
8%
481Novalis
8%
165Nunri
8%
123of Ambrosia
8%
70Omega Interface
8%
346OPSM1
8%
104Ourwa
8%
350PAINFUL PLAYLAND
8%
610Party Rock Anthem
8%
204Photovoltaic II
8%
619Polish Alphabet
8%
600Pound Town
8%
280Prisma
8%
446Prismatic Haze
8%
718Raindance
8%
130RANDOM ACCESS MEMORY
8%
584Red World Rebirth
8%
112REPENTLESS
8%
562Retention
8%
176Retention Rush
8%
224RGB
8%
621RTX ON
8%
62RUTHLESS
8%
152Ryft
8%
115SAND SAILOR
8%
77Sazerix
8%
151Sephiroth
8%
429SHATTER
8%
149Shmarley Ville
8%
32Shukketsu
8%
121Shutdown
8%
570Sides Of My Mind
8%
461Sigma Interface
8%
30Sinister Silence
8%
138Sink
8%
634Sky Tech
8%
589SorryForPartyRocking
8%
127Sparkling
8%
335SPEEDRUN
8%
217Stalemate Redux
8%
603SUBVERSIVE
8%
45SUPERHATEMEWORLD
8%
111SZYSLAK
8%
187Tapwreck
8%
38Terminal Rampancy
8%
80Terminux
8%
73The Art of the Blade
8%
218TheCinnyBun
8%
652The Flawless
8%
255The Hell Field
8%
290The Hell Inferno
8%
282The Sulphur Sea
8%
148the wiener
8%
43Thinking Space
8%
489Triple Six
8%
730troll level
8%
371Twilight Coexistence
8%
516Twisted Tranquility
8%
636Uprise
8%
653Vignette
8%
105Visible Ray
8%
509Welcome To GD News
8%
56Widestep
8%
193WOW
8%
248Xronier
8%
715XxXxXxXxXxX
8%
599Zenith
8%
626Zettabyte
8%
4481330X
0%
5404Elements
0%
338Abandoned Planet
0%
225ABEL
0%
332Adrenaline
0%
354Advanced AirStream
0%
246Aesthetic
0%
490Agen Wida
0%
662Aksion
0%
659Alcatraz
0%
364Alpha Baa X
0%
188ameliorate
0%
395Anahita
0%
377Ancestral Calamity
0%
695Ancien Travel
0%
593Another Phase
0%
315Anoxysm
0%
708Anya III
0%
617any percent
0%
568APEX
0%
527Apparition
0%
216ASHES
0%
359Asmodeus
0%
397Atmosphere
0%
312Audio Expulsion
0%
510Audio Extraction
0%
441Aura
0%
561Aureole
0%
450Aurora
0%
571Aurorae
0%
232Auroral Darkness
0%
503AUX cord
0%
642Backlights
0%
273Balengu Vortex
0%
582Ballistic Funk
0%
724Bang Gang
0%
406Barbaros Finale
0%
726Based Gang
0%
275Bass Cave
0%
270Bausha Vortex
0%
261Belloq
0%
321Betrayal of Destiny
0%
385Biohazard
0%
214Bitcrusher
0%
235Black Flag
0%
319Boogie
0%
576Breakout
0%
326Breakout Redux
0%
170BRKMGB8GJCZ
0%
458burn to dust
0%
615BYE
0%
456Callisto
0%
640Carbon
0%
679Castling
0%
369Caution
0%
431cave of heart
0%
492ChopStep
0%
549Chub Chub
0%
463Circuit Breaker
0%
460Cluttered Confusion
0%
474Complementary Cruise
0%
523Concaved Memories
0%
194ConFusion
0%
442corrupted volume
0%
649Cosmic Cluster
0%
666court circuit
0%
314Crippled Depression
0%
586Cromulent
0%
627Cyberstorm
0%
352DARKENED
0%
182Dark Flare
0%
677Daybreak
0%
713Decay
0%
632Deception Dive
0%
470Deflective
0%
234Demonicat
0%
266DESOLATE
0%
308devoid
0%
647Diligence
0%
376Dimensional Breaking
0%
366Dimension Breaker
0%
268Disaster Dive
0%
575Disastrous Downpour
0%
491Disentombed
0%
707Dismal Duststorm
0%
534Dismay
0%
675Disruption
0%
301DMG CTRL
0%
223Dole Damos
0%
704Doop
0%
590Draco Meteor
0%
400Dream City
0%
697Dreamer
0%
198Dreams
0%
253Dualies
0%
185DubKore X
0%
563Dumbest Girl Alive
0%
717Duplication
0%
334Dusker Processing
0%
418Ecstasy
0%
245Edelweiss
0%
240Effect II
0%
473EKO
0%
513Elite Z Rebirth
0%
531Elliptic Curve
0%
622Empanadas Fugaces
0%
483EMPTINESS
0%
339Endless Dream
0%
515Endurance
0%
539Enlightened Memories
0%
355EnvY
0%
464Esencia
0%
283eternal entropy
0%
625Evil Depths
0%
587Exotic Energy
0%
670Explosion
0%
462Extinction
0%
341Fabricated Thoughts
0%
236Fabrication
0%
221Factory Realm X
0%
329Faded Dream
0%
650Faith
0%
363Falcon16
0%
425FAULTY CODE
0%
471Fellow Phobia
0%
661Ferrum Frenzy
0%
209FIFTY THREE
0%
605Fingerdash v3
0%
693FinKor
0%
547FirePower
0%
196FIREPOWER
0%
643FISH FISH GODMODE
0%
701Forbidden Isle
0%
195Framework
0%
208Friday Vortex
0%
591Frightful Melody
0%
685Frizzantino Vibes
0%
289Furious Flames
0%
242Future Chaos
0%
333Galactic Shift
0%
592Gaming
0%
430GANGIMARI
0%
438Gang Plank Hell
0%
614Gentlemens Clique
0%
390GewErbiX
0%
409Glacial Torrent
0%
664GLISTEN
0%
311Glitched Memories
0%
465Goldcrest Palace
0%
673Graphite World
0%
478GridLocked
0%
519Grill Kill
0%
532Halberd
0%
288Hatred
0%
595Heart Attack
0%
536Heat Wave
0%
424Heavens Door
0%
714Helios
0%
420HELIX
0%
388help
0%
683Hidden in the Sand
0%
727High Heat
0%
635Hydratic
0%
578Hydraulic Overdrive
0%
166Icotact
0%
443i hate renn
0%
323i hate you
0%
210IMAPHONE
0%
579Impasse
0%
213Inanimate INSANITY
0%
414Incandescent
0%
667Incipient
0%
597I NEVER DREAM
0%
340Infernal Abyss
0%
555INFLAMMABLE INFUSION
0%
437Inflective
0%
475INNARDS
0%
734Insaction
0%
651Instant Execution
0%
427INTO PETALS
0%
577iridium
0%
300JeonGi
0%
435Just DANCE
0%
336Kinetic Bypass
0%
502KINGSLAYER
0%
633KUB
0%
237La Cueva
0%
522laranja azul rosa
0%
681Last Station
0%
387Last Stop
0%
207Lateral Myst
0%
256Le Fishe
0%
372Le Midd Mapperoonies
0%
505Libertas
0%
645Lights Out
0%
668Light Travel
0%
500limitless
0%
680Lonely Lights
0%
598loop
0%
705Lost Love
0%
328Low Death
0%
199Lucid Chaos
0%
243Luxtra
0%
417maddening
0%
719Make It Drop
0%
379Malevolent Maelstrom
0%
486Manic Machine
0%
504Marathon
0%
345Masochism
0%
602Matilda the Machine
0%
682MELTDOWN
0%
168memories
0%
723memories III
0%
551Metalic Destruction
0%
416MINIMUM
0%
671Miscellaneous Memory
0%
250Missing Benefits
0%
293miss you
0%
583Mjolnir
0%
399Molten Mercury
0%
403Monstercat
0%
313MONSTROSITY
0%
415Motorbreath
0%
368My Worst Demon Level
0%
609Napalm
0%
737Neon Guts
0%
477NeRUaL
0%
272Never Beat It
0%
631NIGHTLIGHTS
0%
263Nightmare Chasm
0%
646night party
0%
178Nightshade
0%
528Ninobytte
0%
497Novasphere
0%
514nowdead
0%
244Occult Outcry
0%
404Omorfia
0%
616On1y Cub3
0%
353OneAttempt
0%
422OOPZ
0%
654Our Fountain
0%
712Overlord
0%
466Overtime
0%
711Paralysis
0%
201Paroxysm
0%
700Penombre
0%
468Penultimate Phase
0%
674phantasmagoria
0%
439phosphorescent
0%
484Pitfall Caverns
0%
696Place
0%
644PLUS ULTRA
0%
398Poltergeist Reborn
0%
249Polygonal Paradox
0%
738Precipitance
0%
692Proteus
0%
393PROTOFLICKER
0%
594Psychotic
0%
629pulsation
0%
588Pumped Up Kicks
0%
469PURE VALE
0%
241Quantum Dynamix
0%
167Quantum Theory
0%
206Raisins
0%
342RASH
0%
731Realtered
0%
716Reanimate
0%
560Recrystallize
0%
181reeses potentially
0%
556Reflective
0%
189RELENTLESS
0%
357Removed Submission
0%
694Reunite
0%
541reverence
0%
678Robi
0%
169rosedynamix
0%
330ruber cash 22
0%
436Ruler of Everything
0%
391Sapphire Angel
0%
580sarthix
0%
287SECTOR 19
0%
630Semicolon 3
0%
669Sephtis
0%
508Shape of the Sun
0%
373Shibui
0%
337Shock Breaker
0%
322Shock Therapy
0%
721Shotgun
0%
739SIGSEGV
0%
325SINGULARITY
0%
277Sinister Incision
0%
548Skrrah
0%
558SL8O
0%
703Snowdrift
0%
252SnowFall Fiesta
0%
479Snowfall Storm
0%
233Solarion
0%
482Solstice
0%
271Spectrum Rave
0%
306Spectrum Split
0%
211Spirit House
0%
222Springtime
0%
655Stallaluna
0%
624stand in the snow
0%
278Static Ignition
0%
231Step To Hell
0%
392STICKS FOR BONES
0%
200Stygian Machinery
0%
529sunburn
0%
401Supercharged
0%
381super kontik
0%
408SUPERMAYOHATECLUB
0%
302Surge of Memories
0%
305Surge of the Shield
0%
741Swarm
0%
520Synergy
0%
384Sysmique Locked
0%
736TANTRUM
0%
347TeaM Z
0%
229Tempered Steel
0%
449Tempest Tornado
0%
691TerrorCore
0%
501The Antimatter
0%
317The Cellar Path
0%
358The First
0%
426The Hell Bird
0%
386The Mainframe
0%
205The Moon Below
0%
623The Tears Beneath
0%
445Thorny Path
0%
274Thunderzone
0%
550Time Pulse
0%
164Titan Complex
0%
702Torgue
0%
526Torsion
0%
546Totem
0%
421To The Blue Moon
0%
537To the Exosphere
0%
569To the Stars II
0%
525TREMORS
0%
433Triadic Trials
0%
572Tron
0%
608TUAPEKA
0%
498U235
0%
657UltraSans
0%
291ULTRA VIOLET
0%
413Under Lavaland
0%
518Unearthed
0%
455Universe on fire
0%
684Unkown Civilization
0%
620Uplink
0%
230vaenstep
0%
365VendetTa
0%
585Violently X
0%
732Virtual Collapse
0%
542VIRTUE
0%
324Vivacious
0%
566Vociferous
0%
660Voided
0%
432Voltaic
0%
596Volume
0%
440Want Me
0%
554Warning
0%
467WaveBreaker
0%
538Welcome to your mind
0%
628White Noise
0%
380Wild Rose
0%
524Wind Storm
0%
688Wintertime
0%
303Worse Trip
0%
535YeeSangHaeYo
0%
247Yuh
0%
285Ziroikabi
0%
299Ziroikapi
0%

Score Distribution

Percentile by Number Answered

Percent of People with Each Score

Your Score History

You have not taken this quiz